| 000 | 00609nam a2200181 i 4500 | ||
|---|---|---|---|
| 001 | bgj | ||
| 100 | 1 | _aHARROD-EAGLES, Cynthia | |
| 245 | 1 | 0 |
_aJa, Wiktoria / _cCynthia Harrod-Eagles ; z angielskiego przełożyła Ewa Ciszkowska. |
| 260 |
_aWarszawa : _bLibros Grupa Wydawnicza Bertelsmann Media, _c2001. |
||
| 300 |
_a543, [1] pp ; _c21 cm. |
||
| 650 | 9 |
_aGeneral history of British Isles _aVictoria, 1837-1901 _xVictoria and House of Windsor |
|
| 020 | _a8372274711 (hbk) | ||
| 040 | _cBPK | ||
| 041 | 0 | _apol | |
| 920 | _a83-7227-471-1 (hbk) | ||
| 942 | _cKS | ||
| 008 | s pl f |000 0 pol | ||
| 999 |
_c48277 _d48277 |
||
| 856 |
_uhttp://koha.tu.koszalin.pl/cgi-bin/koha/opac-detail.pl?biblionumber=48277 _yKatalog online BPK |
||